Sổ tay khuyến nông : Sách dùng cho khuyến nông viên cơ sở
Trình bày kỹ thuật sản xuất một số cây trồng vật nuôi. Những chủ trương, chính sách về khuyến nông, phát triển sản xuất nông nghiệp, tiêu thụ nông sản,...
Gardado en:
| Formato: | Libro |
|---|---|
| Idioma: | Undetermined |
| Publicado: |
Hà Nội
Nông nghiệp
2009
|
| Những chủ đề: | |
| Các nhãn: |
Engadir etiqueta
Sen Etiquetas, Sexa o primeiro en etiquetar este rexistro!
|
| Thư viện lưu trữ: | Trung tâm Học liệu Trường Đại học Cần Thơ |
|---|
| LEADER | 01017nam a2200205Ia 4500 | ||
|---|---|---|---|
| 001 | CTU_209086 | ||
| 008 | 210402s9999 xx 000 0 und d | ||
| 020 | |c 52000 | ||
| 082 | |a 630.715 | ||
| 082 | |b S450 | ||
| 245 | 0 | |a Sổ tay khuyến nông : | |
| 245 | 0 | |b Sách dùng cho khuyến nông viên cơ sở | |
| 245 | 0 | |c Bộ Nông nghiệp và Phát triển Nông thôn. Ban điều hành chương trình xoá đói giảm nghèo. Cục khuyến nông và khuyến lâm | |
| 260 | |a Hà Nội | ||
| 260 | |b Nông nghiệp | ||
| 260 | |c 2009 | ||
| 520 | |a Trình bày kỹ thuật sản xuất một số cây trồng vật nuôi. Những chủ trương, chính sách về khuyến nông, phát triển sản xuất nông nghiệp, tiêu thụ nông sản,... | ||
| 650 | |a Agricultural extension work,Công tác khuyến nông,Farm management | ||
| 904 | |i Hải | ||
| 980 | |a Trung tâm Học liệu Trường Đại học Cần Thơ | ||